[Event "Havana Gilberto Garcia Memorial-A"]
[Site "Havana"]
[Date "2024.03.02"]
[Round "6"]
[White "Hernandez Chang, Yan"]
[Black "Mendoza Novo, Gustavo Jose"]
[Result "1-0"]
[WhiteElo "1871"]
[BlackElo "1837"]
[PlyCount "29"]
[EventDate "2024.02.24"]
[EventType "tourn"]
[EventRounds "9"]
[EventCountry "CUB"]
[SourceTitle "CB13_2024"]
[SourceDate "2024.03.27"]
[SourceVersion "1"]
[SourceVersionDate "2024.03.27"]
[SourceQuality "1"]

1. d4 d5 2. Bf4 c6 3. e3 Bf5 4. c4 e6 5. Nc3 Nf6 6. Qb3 Qb6 7. c5 Qxb3 8. axb3 Nbd7 9. b4 Nh5 10. Bc7 Rc8 11. Be5 f6 12. Bd6 a6 13. Bxf8 Kxf8 14. Be2 Bg6 15. g4 1-0